000 00500cam a22001457a 4500
008 180718b1970 xxu||||| |||| 00| 0 eng d
082 _aY054x54 C831 6s
245 _aWealth of india : livestock ( including poultry)
_cby CSIR
260 _aNew Delhi
_bPublication & Information Directorate
_c1970
300 _axi,270p
500 _avol.4 : Raw Materials Supplement
650 _aCommercial products --India --Dictionaries.
650 _aRaw materials --India --Dictionaries
700 _aIndia. CSIR
999 _c414768
_d414768